000 01046cad a22002175a 4500
001 L157560
008 130117e2013 xxk 000 0 eng d
035 _a(Sirsi) u157560
041 0 _aeng
110 2 _aUnited Kingdom
_bDepartment for Environment Food and Rural Affairs
245 0 0 _aAction to protect our iconic trees from disease
_h[electronic resource]
260 _c2013
490 _aDEFRA News Release
_v16 January 2013
520 _aNew regulations come into force to track the import of oak, ash, sweet chestnut and plane trees from countries within the EU to protect trees in the UK against pests and diseases. This will allow plant health inspectors to target their inspections and to track saplings tp see if there are any suspicions that they carry a pest or disease.
590 _aKA
651 4 _aUnited Kingdom
690 _aEnvironment
_96238
690 _aRural
_96268
856 4 0 _uhttps://www.defra.gov.uk/news/2013/01/16/protect-trees-disease/
_zView the news release free of charge at www.defra.gov.uk
942 _n0
999 _c84411
_d84411